BIBLIOTECA PODER JUDICIAL
Portal Judicial TDF

La hipoteca en garantía de créditos indeterminados / (Registro nro. 5482)

000 -LEADER
fixed length control field 01250nab a22002297a 4500
003 - CONTROL NUMBER IDENTIFIER
control field OSt
005 - DATE AND TIME OF LATEST TRANSACTION
control field 20251204091134.0
008 - FIXED-LENGTH DATA ELEMENTS--GENERAL INFORMATION
fixed length control field 190604e xxu||||| |||| 00| 0 spa d
040 ## - CATALOGING SOURCE
Transcribing agency PJ
100 ## - MAIN ENTRY--PERSONAL NAME
9 (RLIN) 6465
Personal name Mendaña, Silvia Mariana
245 13 - TITLE STATEMENT
Title La hipoteca en garantía de créditos indeterminados /
Statement of responsibility, etc Silvia Mariana Mendaña.
260 ## - PUBLICATION, DISTRIBUTION, ETC. (IMPRINT)
Place of publication, distribution, etc Ciudad Autónoma de Buenos Aires :
Name of publisher, distributor, etc Thomson Reuters La Ley,
Date of publication, distribution, etc 2025.
300 ## - PHYSICAL DESCRIPTION
Extent p. 93-126
500 ## - GENERAL NOTE
General note Cita Online: TR LALEY AR/DOC/1120/2025.<br/>
505 ## - FORMATTED CONTENTS NOTE
Formatted contents note Sumario: I. Introducción.— II. La tutela conservatoria del crédito y la función de la garantía.— III. El problema de la determinación de los créditos en el Código de Vélez.— IV. El Cód. Civ. y Com. con relación a nuestra problemática.— V. Síntesis y conclusiones.— VI. Ajustes y recomendaciones de lege ferenda. Reflexión final.
505 ## - FORMATTED CONTENTS NOTE
Title ¿Te interesa el texto completo? Solicitalo al correo: koha@justierradelfuego.gov.ar
650 #0 - SUBJECT ADDED ENTRY--TOPICAL TERM
9 (RLIN) 1819
Topical term or geographic name as entry element HIPOTECA
650 #0 - SUBJECT ADDED ENTRY--TOPICAL TERM
9 (RLIN) 1821
Topical term or geographic name as entry element DERECHOS REALES
650 #0 - SUBJECT ADDED ENTRY--TOPICAL TERM
9 (RLIN) 1497
Topical term or geographic name as entry element CODIGO CIVIL Y COMERCIAL
773 0# - HOST ITEM ENTRY
Host Biblionumber 2714
Host Itemnumber 3171
Place, publisher, and date of publication Ciudad Autónoma de Buenos Aires : Thomson Reuters La Ley, 2014-
Title Revista anales de legislación argentina. Nº 8 - Agosto 2025.
942 ## - ADDED ENTRY ELEMENTS (KOHA)
Source of classification or shelving scheme
Koha item type Analítica Artículo de Revista

No hay ítems disponibles.

12 de Octubre 789 Ushuaia - Tel:  54(02901)441571
Horario de Atención: 8.00 a 17.00 hs. 
bibliotecaush@justierradelfuego.gov.ar
koha@justierradelfuego.gov.ar
Seguinos en nuestras redes @bibliojustdf 

Con tecnología Koha